Bahía Blanca, la ciudad letrada I : narrativa, poesía /
Guardado en:
| Autor Principal: | |
|---|---|
| Otros Autores: | , , , , , , , , , , , , , , , , , , , , |
| Formato: | Libro |
| Idioma: | Undetermined |
| Publicado: |
Bahía Blanca :
Desde la gente,
2004.
|
| Edición: | 1a ed. |
| Materias: | |
| Etiquetas: |
Agregar Etiqueta
Sin Etiquetas, Sea el primero en etiquetar este registro!
|
| LEADER | 02917nam a22005055a 4500 | ||
|---|---|---|---|
| 001 | CEM.cems021324 | ||
| 008 | 240731s2004####ag############000#0#und#d | ||
| 005 | 20240731162209.0 | ||
| 245 | 1 | 0 | |a Bahía Blanca, la ciudad letrada I : |b narrativa, poesía / |c Selección y prólogo a cargo de Guillermo David. |
| 250 | |a 1a ed. | ||
| 260 | |a Bahía Blanca : |b Desde la gente, |c 2004. | ||
| 300 | |a 128 p. | ||
| 505 | 0 | |a Prólogo. La ciudad letrada / Guillermo David -- El advenimiento / Héctor Libertella -- Una muerte / José Pupko -- Túpac Amaru. El hombre del llautu rojo / Horacio A. López -- Nueva versión / Olga A. Liberti -- Huellas. El reloj de arena / Luis Sagasti -- Cuarteto / Maximiliano Celendano -- Cesa / Gerónimo Unibasso -- La Marcha. P. N. D. / Bruno Fernández -- Olvidos terapéuticos / Flavio Meles -- Mari y yo / Andrea Capuselli -- Cenando con lobo / Osvaldo Costiglia -- Historia irlandesa / Osvaldo Costiglia -- Petición de principio / Osvaldo Costiglia -- Rosas a orillas del Colorado / Osvaldo Costiglia -- Exilio / Jorge Boccanera -- Ch / Sergio Raimondi -- Laspada / Marcelo Díaz -- Primer acta / Omar Chauvié -- En el puente colón... / Daniel Omar Martínez -- Pequeña balada del camionero del expreso sud-atlántico / Mario Ortiz -- Una pequeña "nouvelle" policial no exenta de ciertos rasgos épicos difundió L.U.2 en el boletín de las 6.30 am el 20 de octubre de 1999 / Mario Ortiz -- A pie / Eva Murari -- Venéreo / Mauro Fernández -- Recuerdo ese perfume / Mauro Fernández -- Vano / Mauro Fernández -- Ejercicios para hacer con los ojos / Mauro Fernández -- Otro ejercicio para hacer con los ojos / Mauro Fernández -- Arte poética / Mauro Fernández -- Plaza roja / Rubén Galavotti -- Hombre con telarañas / Rubén Galavotti -- Tanza (fragmento) / Sebastián Morfes | |
| 020 | |a 9508601612 | ||
| 100 | 1 | |a David, Guillermo; pról. | |
| 700 | 1 | |a Libertella, Héctor. | |
| 700 | 1 | |a Pupko, José. | |
| 700 | 1 | |a López, Horacio A. | |
| 700 | 1 | |a Liberti, Olga A. | |
| 700 | 1 | |a Sagasti, Luis. | |
| 700 | 1 | |a Celendano, Maximiliano. | |
| 700 | 1 | |a Unibasso, Gerónimo. | |
| 700 | 1 | |a Fernández, Bruno. | |
| 700 | 1 | |a Meles, Flavio. | |
| 700 | 1 | |a Capuselli, Andrea. | |
| 700 | 1 | |a Costiglia, Osvaldo. | |
| 700 | 1 | |a Boccanera, Jorge. | |
| 700 | 1 | |a Raimondi, Sergio. | |
| 700 | 1 | |a Díaz, Marcelo. | |
| 700 | 1 | |a Chauvié, Omar. | |
| 700 | 1 | |a Martínez, Daniel Omar. | |
| 700 | 1 | |a Ortiz, Mario. | |
| 700 | 1 | |a Murari, Eva. | |
| 700 | 1 | |a Fernández, Mauro. | |
| 700 | 1 | |a Galavotti, Rubén. | |
| 700 | 1 | |a Morfes, Sebastián. | |
| 653 | |a Antología | ||
| 653 | |a Literatura bahiense | ||
| 653 | |a Narrativa bahiense | ||
| 653 | |a Poesía bahiense | ||
| 653 | |a Literatura argentina | ||
| 653 | |a Poesía argentina | ||
| 653 | |a Narrativa argentina | ||
| 653 | |a Escritores bahienses | ||
| 859 | |a CEMS |b BIB. CEMS - 11 de abril |h 808.8 |i D280 |p 29550.23 |t Ej.1 | ||
